000 00565nam a2200169Ia 4500
003 OSt
005 20200915100329.0
008 190216s9999||||xx |||||||||||||| ||und||
040 _coclc
082 _a892.7
_bKAB/S
100 _aKabeer, M Sideekhul
_94575
245 0 _aA Short History Of Arabic Literature = Al-Mukhtasir Fee Thareekhil Adabil Arabiyyi /
_cM Sideekhul Kabeer ; Muhammad Siddeekh
260 _bAbu Amina Publications,
_aTrivandrum:
_c2005.
300 _a164p
650 _aArabic
942 _cBK
_2ddc
_h892.7
_iKAB/S
_k892.7
_mKAB/S
999 _c625
_d625